Kingdom of Lesotho : Staff Report for the 2005 Article IV Consultation.

The Kingdom of Lesotho's 2005 Article IV Consultation reports that the government's fiscal position and the external current account have improved markedly. The authorities are preparing an action plan, in collaboration with development partners, to improve the business climate. Critical m...

وصف كامل

التفاصيل البيبلوغرافية
مؤلف مشترك: International Monetary Fund
التنسيق: دورية
اللغة:English
منشور في: Washington, D.C. : International Monetary Fund, 2005.
سلاسل:IMF Staff Country Reports; Country Report ; No. 2005/437
الوصول للمادة أونلاين:Full text available on IMF
LEADER 01640cas a2200241 a 4500
001 AALejournalIMF003949
008 230101c9999 xx r poo 0 0eng d
020 |c 5.00 USD 
020 |z 9781451823820 
022 |a 1934-7685 
040 |a BD-DhAAL  |c BD-DhAAL 
110 2 |a International Monetary Fund. 
245 1 0 |a Kingdom of Lesotho :   |b Staff Report for the 2005 Article IV Consultation. 
264 1 |a Washington, D.C. :  |b International Monetary Fund,  |c 2005. 
300 |a 1 online resource (62 pages) 
490 1 |a IMF Staff Country Reports 
500 |a <strong>Off-Campus Access:</strong> No User ID or Password Required 
500 |a <strong>On-Campus Access:</strong> No User ID or Password Required 
506 |a Electronic access restricted to authorized BRAC University faculty, staff and students 
520 3 |a The Kingdom of Lesotho's 2005 Article IV Consultation reports that the government's fiscal position and the external current account have improved markedly. The authorities are preparing an action plan, in collaboration with development partners, to improve the business climate. Critical measures aim to increase labor productivity through training, reduce domestic costs for the private sector by addressing infrastructure bottlenecks, remove regulatory and administrative impediments, improve access to financial services, and promote product and export market diversification. 
538 |a Mode of access: Internet 
830 0 |a IMF Staff Country Reports; Country Report ;  |v No. 2005/437 
856 4 0 |z Full text available on IMF  |u http://elibrary.imf.org/view/journals/002/2005/437/002.2005.issue-437-en.xml  |z IMF e-Library